[Event "EU-Cup Online Gr-A"]
[Site "Tornelo INT"]
[Date "2021.03.28"]
[Round "8.4"]
[White "Czopor, Maciej"]
[Black "Sharafiev, Azat"]
[Result "1/2-1/2"]
[WhiteElo "2239"]
[BlackElo "2432"]
[PlyCount "81"]
[EventDate "2021.03.27"]
[EventType "team-tourn (rapid)"]
[EventRounds "9"]
[EventCountry "NET"]
[SourceTitle "CBM 201 Extra"]
[Source "ChessBase"]
[SourceDate "2021.05.31"]
[SourceVersion "1"]
[SourceVersionDate "2021.05.31"]
[SourceQuality "1"]
[WhiteTeam "Wood Green Monarchs"]
[BlackTeam "Kazan Ladya"]
[WhiteTeamCountry "ENG"]
[BlackTeamCountry "RUS"]

1. e4 c5 2. Nf3 Nc6 3. d4 cxd4 4. Nxd4 g6 5. c4 Nf6 6. Nc3 Nxd4 7. Qxd4 d6 8. Be2 Bg7 9. Be3 0-0 10. Qd2 Be6 11. 0-0 a5 12. Rad1 a4 13. Bd4 Qa5 14. f4 Rfc8 15. b3 axb3 16. axb3 Qb4 17. f5 Bd7 18. Kh1 Bc6 19. fxg6 hxg6 20. Bxf6 Bxf6 21. Nd5 Qxd2 22. Nxf6+ exf6 23. Rxd2 Bxe4 24. Rxf6 Ra1+ 25. Rf1 Rca8 26. Kg1 R1a2 27. Rxa2 Rxa2 28. Bf3 d5 29. cxd5 Bxf3 30. Rxf3 Rd2 31. Rf6 Rxd5 32. Rb6 Rd7 33. Kf2 Kg7 34. h4 f5 35. Ke3 Kh6 36. g3 Kh5 37. Kf4 Rd4+ 38. Kf3 Rd7 39. Kf4 Rd4+ 40. Kf3 Rd7 41. Kf4 1/2-1/2

[Event "EU-Cup Online Gr-A"]
[Site "Tornelo INT"]
[Date "2021.03.27"]
[Round "4.4"]
[White "Costachi, Mihnea"]
[Black "Sharafiev, Azat"]
[Result "0-1"]
[WhiteElo "2471"]
[BlackElo "2432"]
[PlyCount "70"]
[EventDate "2021.03.27"]
[EventType "team-tourn (rapid)"]
[EventRounds "9"]
[EventCountry "NET"]
[SourceTitle "CBM 201 Extra"]
[Source "ChessBase"]
[SourceDate "2021.05.31"]
[SourceVersion "1"]
[SourceVersionDate "2021.05.31"]
[SourceQuality "1"]
[WhiteTeam "La Garde du Roi"]
[BlackTeam "Kazan Ladya"]
[WhiteTeamCountry "BEL"]
[BlackTeamCountry "RUS"]

1. d4 Nf6 2. c4 g6 3. Nc3 Bg7 4. e4 d6 5. Be2 0-0 6. Bg5 h6 7. Be3 c5 8. d5 e6 9. Nf3 exd5 10. cxd5 Ng4 11. Bf4 Re8 12. Nd2 Ne5 13. 0-0 b6 14. Bg3 Ba6 15. Nb5 g5 16. a4 Bxb5 17. axb5 Ng6 18. Qc2 Nf4 19. Bxf4 gxf4 20. Nc4 Be5 21. Bg4 Nd7 22. Qe2 Nf6 23. Bf5 Kh8 24. Ra3 Rg8 25. Rfa1 Qc7 26. Kh1 Rg5 27. Bh3 Bd4 28. Qf3 Qe7 29. Bf5 Nxd5 30. e5 Rxf5 31. Qxd5 Rf8 32. Rxa7 Rxe5 33. Nxe5 Qxe5 34. Qxe5+ dxe5 35. Ra8 Kg7 0-1

[Event "Titled Tuesday intern op 18th Aug"]
[Site "Chess.com INT"]
[Date "2020.08.18"]
[Round "7"]
[White "Przybylski, Wojciech"]
[Black "Sharafiev, Azat"]
[Result "0-1"]
[WhiteElo "2321"]
[BlackElo "2432"]
[PlyCount "70"]
[EventDate "2020.08.18"]
[EventType "swiss (blitz)"]
[EventRounds "10"]
[EventCountry "USA"]
[SourceTitle "CBM 197 Extra"]
[Source "ChessBase"]
[SourceDate "2020.09.30"]
[SourceVersion "1"]
[SourceVersionDate "2020.09.30"]
[SourceQuality "1"]

1. e4 Nc6 2. Nf3 d6 3. d4 Nf6 4. Nc3 g6 5. h3 Bg7 6. Be3 0-0 7. Be2 e5 8. dxe5 Nxe5 9. Nxe5 dxe5 10. Bg5 Be6 11. 0-0 h6 12. Bh4 c6 13. Qxd8 Rfxd8 14. Rad1 Rd4 15. f3 Nh5 16. Bf2 Nf4 17. Be3 b5 18. Rxd4 exd4 19. Bxf4 dxc3 20. b3 a5 21. Rd1 a4 22. Rd6 axb3 23. axb3 c5 24. Bxb5 Bd4+ 25. Kf1 g5 26. Bg3 Ra1+ 27. Be1 Bxb3 28. Rd8+ Kh7 29. Bd3 Be6 30. e5+ Kg7 31. Ke2 Bxe5 32. g3 c4 33. f4 cxd3+ 34. cxd3 gxf4 35. gxf4 c2 0-1

[Event "Titled Tuesday intern op 18th Aug"]
[Site "Chess.com INT"]
[Date "2020.08.18"]
[Round "2"]
[White "Tari, Aryan"]
[Black "Sharafiev, Azat"]
[Result "1-0"]
[WhiteElo "2625"]
[BlackElo "2432"]
[PlyCount "83"]
[EventDate "2020.08.18"]
[EventType "swiss (blitz)"]
[EventRounds "10"]
[EventCountry "USA"]
[SourceTitle "CBM 197 Extra"]
[Source "ChessBase"]
[SourceDate "2020.09.30"]
[SourceVersion "1"]
[SourceVersionDate "2020.09.30"]
[SourceQuality "1"]

1. d4 Nf6 2. Bg5 e6 3. Nd2 h6 4. Bh4 c5 5. e3 b6 6. Ngf3 Bb7 7. c3 Be7 8. Bd3 0-0 9. Qc2 Nc6 10. 0-0 Rc8 11. a3 Nh5 12. Bg3 Nxg3 13. hxg3 Bf6 14. Ne4 Be7 15. Qe2 d5 16. Ned2 Bf6 17. Rad1 g6 18. Ba6 Qc7 19. Bxb7 Qxb7 20. e4 cxd4 21. e5 d3 22. Qe3 Bg7 23. Nb3 Qa6 24. Rfe1 Qb5 25. Nfd4 Nxd4 26. Nxd4 Qxb2 27. Rxd3 Qxa3 28. c4 Qa5 29. cxd5 Qxd5 30. Nf5 Qc5 31. Nxh6+ Kh7 32. Ng4 Qxe3 33. Rdxe3 Rc7 34. Rd1 Rfc8 35. Kh2 b5 36. Rb3 a6 37. f3 Rb7 38. Ra1 Ra8 39. Ra5 b4 40. Ne3 g5 41. Nc4 Rb5 42. Ra4 1-0

[Event "RUS-chT blitz"]
[Site "Sochi"]
[Date "2018.10.10"]
[Round "10.6"]
[White "Kostin, Alexey"]
[Black "Sharafiev, Azat"]
[Result "1/2-1/2"]
[WhiteElo "2253"]
[BlackElo "2432"]
[PlyCount "81"]
[EventDate "2018.10.10"]
[EventType "team-swiss (blitz)"]
[EventRounds "15"]
[EventCountry "RUS"]
[SourceTitle "CBM 186 Extra"]
[Source "ChessBase"]
[SourceDate "2018.08.24"]
[SourceVersion "1"]
[SourceVersionDate "2018.08.24"]
[SourceQuality "1"]
[WhiteTeam "Moscow Liga Tsifrovoy Ekonomiki"]
[BlackTeam "Kazan Ladya"]
[WhiteTeamCountry "RUS"]
[BlackTeamCountry "RUS"]

1. e4 Nc6 2. d4 d5 3. exd5 Qxd5 4. Be3 e5 5. c4 Qd8 6. d5 Bb4+ 7. Bd2 Bxd2+ 8. Qxd2 Nd4 9. Ne2 Nxe2 10. Bxe2 Ne7 11. 0-0 0-0 12. Nc3 Nf5 13. Bg4 b6 14. Rfe1 Nd6 15. Bxc8 Rxc8 16. b3 Re8 17. Ne4 h6 18. c5 Nxe4 19. Rxe4 bxc5 20. Rc4 c6 21. d6 Re6 22. Rd1 Qb6 23. h3 Rd8 24. Qe3 f6 25. d7 Re7 26. Qd3 Qc7 27. Rxc5 Rexd7 28. Qc4+ Kh8 29. Rxd7 Qxd7 30. Rxc6 Qd1+ 31. Kh2 Qd2 32. Rc8 Rxc8 33. Qxc8+ Kh7 34. Qf5+ Kh8 35. a4 Qb4 36. Qc8+ Kh7 37. Qc4 Qb6 38. f3 a5 39. Qd3+ Kh8 40. Qb5 Qc7 41. Qc4 1/2-1/2

[Event "RUS-chT blitz"]
[Site "Sochi"]
[Date "2018.10.10"]
[Round "5.2"]
[White "Remizov, Yaroslav"]
[Black "Sharafiev, Azat"]
[Result "0-1"]
[WhiteElo "2315"]
[BlackElo "2432"]
[PlyCount "100"]
[EventDate "2018.10.10"]
[EventType "team-swiss (blitz)"]
[EventRounds "15"]
[EventCountry "RUS"]
[SourceTitle "CBM 186 Extra"]
[Source "ChessBase"]
[SourceDate "2018.08.24"]
[SourceVersion "1"]
[SourceVersionDate "2018.08.24"]
[SourceQuality "1"]
[WhiteTeam "Yuzhnyy Ural"]
[BlackTeam "Kazan Ladya"]
[WhiteTeamCountry "RUS"]
[BlackTeamCountry "RUS"]

1. e4 Nc6 2. Nc3 e5 3. Nf3 Nf6 4. Be2 d5 5. exd5 Nxd5 6. 0-0 Nxc3 7. bxc3 Bd6 8. d4 e4 9. Nd2 Bf5 10. Nc4 0-0 11. Rb1 b6 12. Nxd6 cxd6 13. Ba3 Rc8 14. Bg4 Bxg4 15. Qxg4 Re8 16. Rfe1 d5 17. f3 exf3 18. Qxf3 Qd7 19. Rf1 Re4 20. Qf5 Rd8 21. Qxd7 Rxd7 22. Rbe1 Rxe1 23. Rxe1 f6 24. Re8+ Kf7 25. Rh8 h6 26. Kf2 Na5 27. Rf8+ Kg6 28. Rc8 Nc4 29. Bc1 Nd6 30. Rc6 Kf5 31. Kf3 h5 32. h3 h4 33. Bf4 Nc4 34. Bb8 Re7 35. Rc7 Rxc7 36. Bxc7 g5 37. Bb8 a6 38. Bc7 b5 39. Bb8 Na3 40. Ke2 Nxc2 41. Bd6 Ke4 42. Kd2 Ne3 43. Be7 Nxg2 44. Bxf6 Kf5 45. Bd8 Nf4 46. Ke3 Nxh3 47. Be7 Nf4 48. Kf3 g4+ 49. Kf2 h3 50. Kg3 Ne2+ 0-1